Chansons de Rnboi mort subite - Statistiques

Statistiques générales
  • Ce quiz a été pris 157 fois
  • Le résultat moyen est 9 sur 20
Answers on the Grid
Answers color-coded by a green-red scale on the quiz's grid according to % correct below.
Elle voulait
Mon bébé
Avec moi
Oui
Mes sous
Bestie
PLM
BTRD
Helena
Bonhomme
J'pense à toi
Life
Nous deux
Ensemble
5e arrondissement
FDP
Ma go
Goumin
Histoire d'amour
Mauvais jours
Reste là
Ghetto
Instable
Vice
Tsunami
Mauvaise journée
Cassé
Treize
Porte bonheur
Love story
ça tire
Tombé
 
Statistiques - réponses
Réponse % Correct
Mon bébé
92%
Elle voulait
85%
BTRD
78%
Avec moi
77%
Bestie
57%
Bonhomme
52%
Oui
51%
Helena
50%
J'pense à toi
48%
Reste là
48%
Ghetto
44%
Life
35%
Tsunami
35%
Mes sous
34%
Goumin
31%
PLM
30%
Instable
29%
Vice
22%
Tombé
5%
ça tire
1%
Aucun quiz correspondant
Distribution des résultats
% des personnes avec chaque résultat
Percentile par nombre de réponses
Votre historique - résultats
Vous n’avez pas pris ce quiz